সেচ দিয়ে গম চাষ : (Record no. 1081)
[ view plain ]
| 000 -LEADER | |
|---|---|
| fixed length control field | 01172nam a22002657a 4500 |
| 001 - CONTROL NUMBER | |
| control field | BD-DhSAU 1081 |
| 003 - CONTROL NUMBER IDENTIFIER | |
| control field | BD-DhSAU |
| 005 - DATE AND TIME OF LATEST TRANSACTION | |
| control field | 20150112013138.0 |
| 008 - FIXED-LENGTH DATA ELEMENTS--GENERAL INFORMATION | |
| fixed length control field | 150111b2000 a||||r|||| 000 0 d |
| 020 ## - INTERNATIONAL STANDARD BOOK NUMBER | |
| International Standard Book Number | 9251044880 |
| 040 ## - CATALOGING SOURCE | |
| Original cataloging agency | BD-DhSAU |
| 082 ## - DEWEY DECIMAL CLASSIFICATION NUMBER | |
| Edition number | 22 |
| Classification number | ৬৩৩.১১ |
| Item number | রওসে |
| 100 ## - MAIN ENTRY--PERSONAL NAME | |
| Personal name | রওশন, হাওয়ার্ড এম |
| 245 ## - TITLE STATEMENT | |
| Title | সেচ দিয়ে গম চাষ : |
| Remainder of title | ফসল ব্যবস্থাপনা / |
| Statement of responsibility, etc. | হাওয়ার্ড এম রওশন ও হেলেনা গোমেজ ম্যাকফারসন। |
| 260 ## - PUBLICATION, DISTRIBUTION, ETC. (IMPRINT) | |
| Place of publication, distribution, etc. | ঢাকা : |
| Name of publisher, distributor, etc. | জাতিসংঘের খাদ্য ও কৃষি সংস্থা ; |
| Date of publication, distribution, etc. | ২০০০। |
| 300 ## - PHYSICAL DESCRIPTION | |
| Extent | vi, ৯৬ পৃ. : |
| Other physical details | চিত্র ; |
| Dimensions | ২৪ সেমি। |
| 504 ## - BIBLIOGRAPHY, ETC. NOTE | |
| Bibliography, etc | গ্রন্থপঞ্জী। |
| 590 ## - Name of Cataloguer | |
| Name of Cataloger | joy |
| 650 ## - SUBJECT ADDED ENTRY--TOPICAL TERM | |
| Topical term or geographic name as entry element | কৃষিকার্য। |
| 650 ## - SUBJECT ADDED ENTRY--TOPICAL TERM | |
| Topical term or geographic name as entry element | Agronomy. |
| 650 ## - SUBJECT ADDED ENTRY--TOPICAL TERM | |
| Topical term or geographic name as entry element | গম চাষ। |
| 650 ## - SUBJECT ADDED ENTRY--TOPICAL TERM | |
| Topical term or geographic name as entry element | গম চাষ। |
| General subdivision | সেচ। |
| 650 ## - SUBJECT ADDED ENTRY--TOPICAL TERM | |
| Topical term or geographic name as entry element | ফসল ব্যবস্থাপনা। |
| 700 ## - ADDED ENTRY--PERSONAL NAME | |
| Personal name | ম্যাকফারসন, হেলেনা গোমেজ। |
| 942 ## - ADDED ENTRY ELEMENTS (KOHA) | |
| Source of classification or shelving scheme | Dewey Decimal Classification |
| Koha item type | Book |
| Withdrawn status | Lost status | Source of classification or shelving scheme | Damaged status | Not for loan | Home library | Branch Name | Shelving location | Date acquired | Total Checkouts | Full call number | Barcode | Date last seen | Price effective from | Koha item type | Collection code |
|---|---|---|---|---|---|---|---|---|---|---|---|---|---|---|---|
| Dewey Decimal Classification | SAU Library | SAU Library | General Stacks | 24/08/2005 | ৬৩৩.১১ রওসে | 31423 | 11/01/2015 | 11/01/2015 | Book | ||||||
| Dewey Decimal Classification | SAU Library | SAU Library | General Stacks | 24/08/2005 | ৬৩৩.১১ রওসে | 31417 | 11/01/2015 | 11/01/2015 | Book | ||||||
| Dewey Decimal Classification | SAU Library | SAU Library | General Stacks | 24/08/2005 | ৬৩৩.১১ রওসে | 31424 | 11/01/2015 | 11/01/2015 | Book | ||||||
| Dewey Decimal Classification | SAU Library | SAU Library | General Stacks | 24/08/2005 | ৬৩৩.১১ রওসে | 31418 | 11/01/2015 | 11/01/2015 | Book | ||||||
| Dewey Decimal Classification | SAU Library | SAU Library | General Stacks | 24/08/2005 | ৬৩৩.১১ রওসে | 31421 | 11/01/2015 | 11/01/2015 | Book | ||||||
| Dewey Decimal Classification | SAU Library | SAU Library | General Stacks | 24/08/2005 | ৬৩৩.১১ রওসে | 31415 | 11/01/2015 | 11/01/2015 | Book | ||||||
| Dewey Decimal Classification | SAU Library | SAU Library | General Stacks | 24/08/2005 | ৬৩৩.১১ রওসে | 31420 | 11/01/2015 | 11/01/2015 | Book | ||||||
| Dewey Decimal Classification | SAU Library | SAU Library | General Stacks | 14/08/2005 | ৬৩৩.১১ রওসে | 31422 | 12/01/2015 | 12/01/2015 | Book | ||||||
| Dewey Decimal Classification | SAU Library | SAU Library | General Stacks | 14/08/2005 | ৬৩৩.১১ রওসে | 31419 | 12/01/2015 | 12/01/2015 | Book | ||||||
| Dewey Decimal Classification | Not For Loan | SAU Library | SAU Library | Reference | 12/02/2005 | ৬৩৩.১১ রওসে | 31226 | 18/04/2015 | 18/04/2015 | Book | Reference | ||||
| Dewey Decimal Classification | Not For Loan | SAU Library | SAU Library | Reference | 12/02/2005 | ৬৩৩.১১ রওসে | 31225 | 07/05/2015 | 07/05/2015 | Book | Reference |
